| 000 | 00907nam a2200229 a 4500 | ||
|---|---|---|---|
| 003 | 0 | ||
| 005 | 20250206203213.0 | ||
| 008 | 130829s19uu xx 00 eng d | ||
| 050 |
_aPGS QR 201.P78 _b.K49 2013 |
||
| 100 | _aKim, Hyoun Young (Wendy). | ||
| 245 |
_aThe effect of Nelumbo nucifera leaf tea extract on the Staphylococcus aureus growth / _cHyoun Young Kim (Wendy). |
||
| 260 |
_aLas PiƱas City, Philippines : _bSouthville International School and Colleges, _c2013. |
||
| 300 |
_a24 p. : _bill. ; _c28 cm. |
||
| 504 | _aIncludes bibliographical references. | ||
| 650 |
_aStaphylococcus aureus _vGrowth. |
||
| 650 |
_aStaphylococcus aureus _vEffect of plant extracts on. |
||
| 650 |
_aNelumbo nucifera _vTherapeutic use. |
||
| 650 |
_aPlant extracts _vAntibacterial properties. |
||
| 650 |
_aTea _vTherapeutic use. |
||
| 650 |
_aMedicinal plants _vAntimicrobial properties. |
||
| 942 |
_2lcc _cPASS |
||
| 999 |
_c99023 _d99023 |
||